| 000 | 01003nam a2200289 i 4500 | ||
|---|---|---|---|
| 001 | 16773 | ||
| 003 | DO-SdUEMH | ||
| 005 | 20260115170454.0 | ||
| 007 | ta | ||
| 008 | 211105s1975||||mx a|||gr|||| 0|| | spa d | ||
| 040 |
_aDO-SdUEMH _bspa _erda |
||
| 041 | _aspa | ||
| 082 | 1 | 4 |
_a339 D436M 1975 _mCG _bD436 |
| 084 | _b08-01190 | ||
| 100 | 1 |
_aDernburg, Thomas F. _eaut |
|
| 245 | 0 |
_aMacroeconomía: _bla medición, análisis y control de la actividad económica agregada / _cThomas F. Dernburg |
|
| 260 | _c1975 | ||
| 264 | 1 |
_aMéxico : _bMcGraw-Hill, _c1975 |
|
| 264 | 4 | _c©1975 | |
| 300 |
_a576 páginas : _bilustraciones ; _c23 cm. |
||
| 336 |
_2rdacontent _atexto _btxt |
||
| 337 |
_2rdamedia _asin mediación _bn |
||
| 338 |
_2rdacarrier _avolumen _bnc |
||
| 505 | 2 | _aLa Medición de la Actividad Económica -- El Nivel de la Actividad Económica -- Crecimiento y Fluctuaciones en la Actividad Económica -- Problemas en el Control de la Actividad Económica. | |
| 942 |
_2ddc _cBK _n0 |
||
| 999 |
_c16773 _d16773 |
||